10 Largest Cities in Moldova - Statistics

General Stats
  • This quiz has been taken 109 times
  • The average score is 5 of 10
Answer Stats
Rank Answer % Correct
3 Tiraspol
88%
1 Chisinau
84%
2 Balti
70%
4 Bender
58%
9 Orhei
42%
10 Comrat
40%
7 Cahul
35%
8 Soroca
30%
5 Ribnita
28%
6 Ungheni
28%
No matching quizzes found
Score Distribution
Percent of People with Each Score
Percentile by Number Answered
Your Score History
You have not taken this quiz